00773nac a22002291u 4500010001300000020001500013082002000028090001500048100003400063245007900097250001200176260003100188300003500219500001400254500003400268504003900302650003600341700002200377942002200399999001500421952010700436 a85026492 a047183758X00a658.4038bB9471 c1672d1672 aBurch, John G. 10aInformation systems :btheory and practice /cJohn Burch, Gary Grudnitski. a4th ed. aNew York :bWiley,cc1986. axiii, 674 p. :bill. ;c25 cm. aDonations aDonations - Dr. Mostafa Gouda aIncludes bibliographies and index. 0aManagement information systems.1 aGrudnitski, Gary. cBBk658.4038B9471 c1672d1672 00104070aMAINbMAINc1STd2006-12-04ePurchasel0o658.4038 BURp000002669r2025-07-15 00:00:00yBB